| 000 | 00535nam a2200181Ia 4500 | ||
|---|---|---|---|
| 008 | 151202s9999||||xx |||||||||||||| ||und|| | ||
| 082 | _bPNVM-53303 | ||
| 100 | _aभागवत भा.रा. | ||
| 245 | _aबोला बोला. | ||
| 260 | _bशकून प्रकाशन पुणे. | ||
| 260 | _c1984 | ||
| 300 | _a87 | ||
| 600 | _aभागवत भा.रा. | ||
| 630 | _aबोला बोला. | ||
| 700 | _aभागवत भा.रा. | ||
| 730 | _aबोला बोला. | ||
| 942 | _cBOOK | ||
| 999 |
_c1319842 _d1319839 |
||